UBT Library

Österreichs : (Record no. 209)

000 -LEADER
fixed length control field 00623nam a22002057a 4500
001 - CONTROL NUMBER
control field 1907391
005 - DATE AND TIME OF LATEST TRANSACTION
control field 20131029105308.0
008 - FIXED-LENGTH DATA ELEMENTS--GENERAL INFORMATION
fixed length control field 750521s1966 gw 000 0 ger d
041 0# - LANGUAGE CODE
Language code of text/sound track or separate title ger
080 ## - UNIVERSAL DECIMAL CLASSIFICATION NUMBER
Universal Decimal Classification number 308
Common auxiliary subdivision (436)
100 1# - Rafti
Rafti Siegler, Heinrich,
100 1# - Rafti
-- 1899-
245 10 - TITLE STATEMENT
Title Österreichs :
Statement of responsibility, etc Heinrich Siegler
260 ## -
-- Wien :
-- Siegler ;
-- 1967
300 ## -
-- 287 p. :
-- 24 cm.
500 ## -
-- Einleitung : f. 1-2
650 ## -
-- Politika dhe qeverisja
-- Austria
651 #0 -
-- Austria
-- Politika dhe qeverisja
-- 1945-
651 #0 -
-- Austria
-- Kushtet ekonomike
-- 1945-
942 ## - ADDED ENTRY ELEMENTS (KOHA)
Source of classification or shelving scheme
Item type Books
Holdings
Withdrawn status Lost status Source of classification or shelving scheme Damaged status Not for loan Collection code Permanent location Current location Shelving location Date acquired Total Checkouts Full call number Barcode Date last seen Koha item type
          Koleksioni i përgjithshem UBT - Prishtine UBT - Prishtine Koleksioni i përgjithshem 10/29/2013   308 (436) SIE 001-000236 10/29/2013 Books
UBT Library © 2015-2024. All rights reserved University Education for Business and Technology